Dodanie služby v roku 2019
Dodanie služby podľa zákona o dani z pridanej hodnoty č. 222/2004 Z.z. s účinnosťou od 1. januára 2019.
Uložené v:
| Hlavný autor: | |
|---|---|
| Médium: | Kapitola |
| Jazyk: | Slovak |
| Predmet: | |
| Tagy: |
Žiadne tagy, Buďte prvý, kto otaguje tento záznam!
|
MARC
| LEADER | 00000naa a2200000 4500 | ||
|---|---|---|---|
| 001 | 0253263 | ||
| 005 | 20240502074047.2 | ||
| 041 | 0 | |a slo | |
| 044 | |a SK | ||
| 245 | 1 | 0 | |a Dodanie služby v roku 2019 |c Juraj Válek |
| 520 | |a Dodanie služby podľa zákona o dani z pridanej hodnoty č. 222/2004 Z.z. s účinnosťou od 1. januára 2019. | ||
| 610 | 2 | 0 | |a služby |
| 610 | 2 | 0 | |a dane z hodnoty pridanej |
| 610 | 2 | 0 | |a daňovníci |
| 610 | 2 | 0 | |a podnikanie |
| 610 | 2 | 0 | |a majetok hmotný |
| 610 | 2 | 0 | |a zákony |
| 610 | 2 | 0 | |a Slovensko |
| 100 | 1 | |a Válek, Juraj, 1981- | |